Workmans right for compensation for accidents and occupational diseases (Record no. 173050)
[ view plain ]
| 000 -LEADER | |
|---|---|
| fixed length control field | 00628nam a2200205Ia 4500 |
| 003 - CONTROL NUMBER IDENTIFIER | |
| control field | OSt |
| 005 - DATE AND TIME OF LATEST TRANSACTION | |
| control field | 20230627094232.0 |
| 008 - FIXED-LENGTH DATA ELEMENTS--GENERAL INFORMATION | |
| fixed length control field | 210423s9999 xx 000 0 und d |
| 040 ## - CATALOGING SOURCE | |
| Transcribing agency | AL |
| 041 ## - LANGUAGE CODE | |
| Language code of text/sound track or separate title | eng |
| 082 ## - DEWEY DECIMAL CLASSIFICATION NUMBER | |
| Classification number | 323 |
| Edition number | 23 |
| Item number | MATW |
| 100 ## - MAIN ENTRY--PERSONAL NAME | |
| Personal name | MATHEW (P D) |
| 9 (RLIN) | 113245 |
| 245 ## - TITLE STATEMENT | |
| Title | Workmans right for compensation for accidents and occupational diseases |
| 260 ## - PUBLICATION, DISTRIBUTION, ETC. | |
| Name of publisher, distributor, etc. | Indian Social Institute |
| Place of publication, distribution, etc. | Bengaluru |
| Date of publication, distribution, etc. | 2021 |
| 365 ## - TRADE PRICE | |
| Currency code | INR |
| 650 ## - SUBJECT ADDED ENTRY--TOPICAL TERM | |
| Topical term or geographic name entry element | Civil & Political Rights |
| 9 (RLIN) | 113246 |
| 650 ## - SUBJECT ADDED ENTRY--TOPICAL TERM | |
| Topical term or geographic name entry element | Political Science |
| 9 (RLIN) | 113247 |
| 906 ## - LOCAL DATA ELEMENT F, LDF (RLIN) | |
| a | accidents ; compensation ; diseases ; occupational ; right ; Workmans |
| 942 ## - ADDED ENTRY ELEMENTS (KOHA) | |
| Source of classification or shelving scheme | Dewey Decimal Classification |
| Koha item type | Book |
| Withdrawn status | Lost status | Damaged status | Not for loan | Collection code | Home library | Current library | Date acquired | Total Checkouts | Full call number | Barcode | Date last seen | Price effective from | Koha item type | Public note |
|---|---|---|---|---|---|---|---|---|---|---|---|---|---|---|
| Discarded | MSW | St Aloysius PG Library | St Aloysius PG Library | 04/26/2021 | 323 MATW | PG019627 | 04/26/2021 | 04/26/2021 | Book | Discarded |